[Event "CZE-ch Seniors 70"]
[Site "Rychnov nad Kneznou"]
[Date "2015.08.15"]
[Round "1"]
[White "Bohuslav, Jan"]
[Black "Jedlicka, Eduard"]
[Result "1-0"]
[WhiteElo "1961"]
[BlackElo "1665"]
[PlyCount "47"]
[EventDate "2015.08.15"]
[EventType "swiss"]
[EventRounds "9"]
[EventCountry "CZE"]
[SourceTitle "EXT 2016"]
[Source "ChessBase"]
[SourceDate "2015.10.08"]
[SourceVersion "1"]
[SourceVersionDate "2015.10.08"]
[SourceQuality "1"]

1. e4 d6 2. d4 Nf6 3. Nc3 g6 4. f4 Bg7 5. e5 dxe5 6. fxe5 Bg4 7. Nf3 Nd5 8. Ne4 c6 9. Bc4 0-0 10. Bb3 f5 11. Nc5 Qc8 12. h3 Bh5 13. Bg5 Re8 14. Qd2 b6 15. Nd3 Bxf3 16. gxf3 e6 17. h4 h5 18. c4 Ne7 19. Rg1 Kh7 20. Nf4 Rg8 21. 0-0-0 Qe8 22. Nh3 a5 23. Bf6 Qf8 24. Ng5+ 1-0

[Event "CZE-chT2E 0809"]
[Site "Czech Republic"]
[Date "2009.04.05"]
[Round "11.3"]
[White "Horsak, Jan"]
[Black "Bohuslav, Jan"]
[Result "1-0"]
[WhiteElo "2069"]
[BlackElo "2062"]
[PlyCount "87"]
[EventDate "2008.10.12"]
[EventType "team-tourn"]
[EventRounds "11"]
[EventCountry "CZE"]
[SourceTitle "EXT 2010"]
[Source "ChessBase"]
[SourceDate "2010.11.25"]
[SourceVersion "1"]
[SourceVersionDate "2010.11.25"]
[SourceQuality "1"]
[WhiteTeam "Stare Mesto III"]
[BlackTeam "Postorna"]
[WhiteTeamCountry "CZE"]
[BlackTeamCountry "CZE"]

1. c4 Nf6 2. Nc3 d5 3. cxd5 Nxd5 4. g3 g6 5. Bg2 c6 6. Nf3 Bg7 7. d4 0-0 8. 0-0 Nxc3 9. bxc3 Qa5 10. Bd2 Qa6 11. e4 Be6 12. Re1 Bc4 13. Qc1 Nd7 14. Bh6 b5 15. Bxg7 Kxg7 16. Nh4 Rae8 17. f4 e6 18. f5 f6 19. fxg6 hxg6 20. e5 c5 21. exf6+ Rxf6 22. Be4 cxd4 23. cxd4 Qb6 24. Qe3 e5 25. Bxg6 Rxg6 26. Nxg6 Qxg6 27. a4 a6 28. axb5 Bxb5 29. Rac1 e4 30. Rc7 Qf5 31. Rc2 Nf6 32. Rf2 Qg6 33. Qc3 Nd5 34. Qc5 Qe6 35. g4 e3 36. Rf5 Ne7 37. d5 Qe4 38. Qc3+ Kg8 39. Rg5+ Ng6 40. Qf6 Bd3 41. Rf1 Qe7 42. Rxg6+ Bxg6 43. Qxg6+ Kh8 44. Rf5 1-0

[Event "CZE-chT2E 0809"]
[Site "Czech Republic"]
[Date "2008.12.21"]
[Round "5.3"]
[White "Strasil, Pavel"]
[Black "Bohuslav, Jan"]
[Result "1-0"]
[WhiteElo "2184"]
[BlackElo "2062"]
[PlyCount "85"]
[EventDate "2008.10.12"]
[EventType "team-tourn"]
[EventRounds "11"]
[EventCountry "CZE"]
[SourceTitle "EXT 2010"]
[Source "ChessBase"]
[SourceDate "2010.11.25"]
[SourceVersion "1"]
[SourceVersionDate "2010.11.25"]
[SourceQuality "1"]
[WhiteTeam "Litovel II"]
[BlackTeam "Postorna"]
[WhiteTeamCountry "CZE"]
[BlackTeamCountry "CZE"]

1. e4 e5 2. Nf3 Nc6 3. Bb5 a6 4. Ba4 Be7 5. 0-0 b5 6. Bb3 Nf6 7. Re1 0-0 8. a4 Bb7 9. d3 d6 10. Nc3 b4 11. Nd5 Nxd5 12. Bxd5 Na5 13. Bxb7 Nxb7 14. d4 f6 15. c3 c5 16. dxe5 dxe5 17. Bd2 a5 18. Qb3+ Rf7 19. Rad1 Qc7 20. c4 Rd8 21. Be3 Bf8 22. Rd5 Rxd5 23. exd5 e4 24. Nh4 f5 25. g3 Bd6 26. Ng2 Qe7 27. h4 h6 28. h5 Qf6 29. Bf4 Re7 30. Re3 Be5 31. Bxe5 Qxe5 32. Nf4 Rd7 33. Qc2 Qd4 34. Ne6 Qf6 35. Qe2 Kf7 36. f3 exf3 37. Rxf3 g6 38. g4 Re7 39. hxg6+ Kxg6 40. Rxf5 Qh4 41. Qe4 Qg3+ 42. Kf1 Nd6 43. Rg5+ 1-0

[Event "Bohemia South-chT 0405"]
[Site "Czech Republic"]
[Date "2005.??.??"]
[Round "?"]
[White "Bohuslav, Jan"]
[Black "Kuchynka, Lukas"]
[Result "0-1"]
[WhiteElo "1980"]
[BlackElo "2000"]
[PlyCount "98"]
[EventDate "2004.10.??"]
[EventType "team"]
[EventRounds "11"]
[EventCountry "CZE"]
[SourceTitle "EXT 2007"]
[Source "ChessBase"]
[SourceDate "2006.11.23"]
[SourceVersion "1"]
[SourceVersionDate "2006.11.23"]
[SourceQuality "1"]

1. e4 e5 2. Nf3 Nc6 3. Bc4 Bc5 4. Nc3 Nf6 5. d3 d6 6. Nd5 Nxd5 7. exd5 Ne7 8. c3 Bb6 9. Bg5 0-0 10. Qe2 f6 11. Be3 Kh8 12. Bb3 Qe8 13. 0-0-0 Bd7 14. h4 Qh5 15. Ng1 Qxe2 16. Nxe2 Bg4 17. Rd2 Bxe3 18. fxe3 Nf5 19. e4 Ne3 20. Ng3 f5 21. Re1 f4 22. Nh1 Bh5 23. g3 Ng4 24. Bd1 Rf6 25. gxf4 Rxf4 26. Ng3 g6 27. d4 Re8 28. dxe5 Rxe5 29. Kc2 Nf6 30. Nxh5 gxh5 31. Kd3 Nxe4 32. Rxe4 Rfxe4 33. Rf2 Rxh4 34. c4 Kg7 35. b4 Rh3+ 36. Kd4 Rhe3 37. Rf4 Kh6 38. Bc2 Kg7 39. a4 Rg3 40. a5 Rg4 41. Re4 b6 42. axb6 axb6 43. Bd3 Rexe4+ 44. Bxe4 Kf6 45. Ke3 Rxe4+ 46. Kxe4 h4 47. Kf4 h3 48. Kg3 Ke5 49. Kxh3 Kd4 0-1

[Event "Bohemia South-chT 0405"]
[Site "Czech Republic"]
[Date "2004.??.??"]
[Round "?"]
[White "Bohuslav, Jan"]
[Black "Sekanina, Jiri"]
[Result "1/2-1/2"]
[WhiteElo "1980"]
[BlackElo "2095"]
[PlyCount "58"]
[EventDate "2004.10.??"]
[EventType "team"]
[EventRounds "11"]
[EventCountry "CZE"]
[SourceTitle "EXT 2007"]
[Source "ChessBase"]
[SourceDate "2006.11.23"]
[SourceVersion "1"]
[SourceVersionDate "2006.11.23"]
[SourceQuality "1"]

1. e4 Nf6 2. e5 Nd5 3. c4 Nb6 4. c5 Nd5 5. Bc4 e6 6. d4 b6 7. cxb6 axb6 8. Ne2 Ba6 9. Qb3 Nc6 10. Bxa6 Rxa6 11. 0-0 Qh4 12. f4 Be7 13. Bd2 0-0 14. a3 Rfa8 15. Qf3 f5 16. Nbc3 Nxc3 17. Bxc3 b5 18. Rac1 b4 19. axb4 Bxb4 20. Bxb4 Nxb4 21. Rxc7 Qd8 22. Rb7 Rb8 23. Rc1 Nd5 24. Qb3 Rxb7 25. Qxb7 Rb6 26. Qc8 Qxc8 27. Rxc8+ Kf7 28. Rc2 Ne3 29. Rc3 Nd5 1/2-1/2